Biggest US Cities in 1850 - Statistics

General Stats
  • This quiz has been taken 107 times
  • The average score is 30 of 50
Answer Stats
State City Population % Correct
NY New York 515,547
100%
PA Philadelphia 121,376
100%
MA Boston 136,881
98%
MD Baltimore 169,054
96%
LA New Orleans 116,375
96%
PA Pittsburgh 46,601
95%
NY Buffalo 42,261
93%
IL Chicago 29,963
93%
OH Cleveland 17,034
93%
OH Cincinnati 115,435
91%
NY Albany 50,763
89%
MO St. Louis 77,860
89%
DC Washington 40,001
89%
NY Rochester 36,403
88%
RI Providence 41,513
86%
SC Charleston 42,985
84%
VA Richmond 27,570
84%
OH Columbus 17,882
82%
MI Detroit 21,019
82%
NJ Newark 38,894
82%
KY Louisville 43,194
79%
WI Milwaukee 20,061
72%
ME Portland 20,815
72%
NY Syracuse 22,271
72%
NY Brooklyn 96,838
70%
GA Savannah 15,312
68%
AL Mobile 20,515
67%
CT New Haven 20,345
65%
VA Norfolk 14,326
61%
MA Worcester 17,049
56%
ME Bangor 14,432
44%
MA Salem 20,264
44%
NY Utica 17,565
44%
MA Cambridge 15,215
39%
MA Lowell 33,383
39%
PA Northern Liberties 47,223
37%
PA Reading 15,743
32%
PA Southwark 38,799
28%
MA New Bedford 16,443
26%
NY Troy 28,785
25%
LA Lafayette 14,190
23%
VA Petersburg 14,010
19%
PA Spring Garden 58,894
18%
PA Allegheny 21,262
16%
MA Lynn 14,257
16%
PA Kensington 46,774
12%
MA Charlestown 17,216
11%
PA Moyamensing 26,979
9%
MA Roxbury 18,364
7%
NY Williamsburgh 30,780
7%
No matching quizzes found
Score Distribution
Percent of People with Each Score
Percentile by Number Answered
Your Score History
You have not taken this quiz